[Event "Sparkassen-Open A"]
[Site "Heusenstamm, Martinsee"]
[Date "2018.11.23"]
[Round "3.51"]
[White "Wortmann, Klaus-Peter"]
[Black "Skarke, Harald"]
[Result "1-0"]
[WhiteElo "2097"]
[BlackElo "1958"]
[PlyCount "117"]
[EventDate "2018.??.??"]
[WhiteTeam "MS Halver-SchalksmÃ¼hle"]
[BlackTeam "SF Neuberg"]

1. d4 Nf6 2. Nf3 b6 3. c4 Bb7 4. e3 e6 5. Bd3 Be7 6. Nc3 O-O 7. O-O d5 8. cxd5
exd5 9. Bd2 Nbd7 10. Rc1 a6 11. Ne2 Ne4 12. Be1 Bd6 13. Nd2 Ndf6 14. f3 Nxd2
15. Qxd2 Re8 16. Ng3 c5 17. Bf2 cxd4 18. exd4 Rc8 19. Nf5 Bf8 20. Qg5 Kh8 21.
Bg3 Nd7 22. Qxd8 Rexd8 23. Nd6 Bxd6 24. Bxd6 g6 25. Rfe1 Kg8 26. Rxc8 Bxc8 27.
Bc7 Rf8 28. Re7 b5 29. Bc2 Nf6 30. Be5 Nd7 31. Bc7 Nf6 32. Bb3 Be6 33. Be5 Nd7
34. Bxd5 Bxd5 35. Rxd7 Bxa2 36. Ra7 f6 37. Bf4 g5 38. Bd2 Rf7 39. Rxa6 Bc4 40.
Rd6 h5 41. Bc3 g4 42. Kf2 gxf3 43. Kxf3 Kg7 44. Kf4 Kg6 45. d5 Bf1 46. g3 Bc4
47. Rd8 Rb7 48. Bb4 Ra7 49. Bc3 Ra1 50. Rd6 Rf1+ 51. Ke3 Kg5 52. Kd4 Kg4 53.
Kc5 f5 54. Be5 h4 55. Bf4 hxg3 56. hxg3 Rb1 57. b4 Rd1 58. Rg6+ Kf3 59. d6 1-0

[Event "Sparkassen-Open A"]
[Site "Heusenstamm, Martinsee"]
[Date "2018.11.23"]
[Round "3.52"]
[White "Haack, Kevin"]
[Black "Sanati, Charlotte"]
[Result "1/2-1/2"]
[WhiteElo "1911"]
[BlackElo "2096"]
[PlyCount "111"]
[EventDate "2018.??.??"]
[WhiteTeam "SC Bad Soden"]
[BlackTeam "SG Trier"]

1. c4 e5 2. g3 Nc6 3. Bg2 f5 4. Nc3 Nf6 5. e3 d5 6. cxd5 Nb4 7. d3 Nbxd5 8.
Nxd5 Nxd5 9. a3 g6 10. Qb3 c6 11. Nf3 Bg7 12. O-O Qe7 13. e4 fxe4 14. dxe4 Nf6
15. Qc2 O-O 16. Be3 Rd8 17. Rfd1 Bg4 18. Rxd8+ Rxd8 19. Bxa7 Rd7 20. Bc5 Qe8
21. h3 Bxf3 22. Bxf3 Qe6 23. Kh2 Bh6 24. Rd1 g5 25. Be2 Kh8 26. Bc4 Qe8 27. Rd6
Rxd6 28. Bxd6 Bf8 29. Bxf8 Qxf8 30. Be6 Qd6 31. Bf5 Qd4 32. Kg2 Kg7 33. Qc3
Qxc3 34. bxc3 Kf8 35. Kf3 Ke7 36. Ke3 Kd6 37. Kd3 Kc5 38. Be6 b6 39. f3 Nh5 40.
Bg8 h6 41. h4 gxh4 42. gxh4 Nf4+ 43. Kd2 Kd6 44. Ke3 Ke7 45. Kf2 Kf6 46. Bh7 h5
47. Bf5 Ke7 48. Bh7 Kd6 49. Ke3 Kc5 50. Kd2 Kb5 51. Bf5 Kc5 52. Bh7 Ng2 53. Bg6
Nf4 54. Bh7 Ng2 55. Bg6 Nf4 56. Bh7 1/2-1/2

[Event "Sparkassen-Open A"]
[Site "Heusenstamm, Martinsee"]
[Date "2018.11.23"]
[Round "3.53"]
[White "Kemper, Yannick"]
[Black "HeÃŸ, Steffen"]
[Result "1-0"]
[WhiteElo "1890"]
[BlackElo "2092"]
[PlyCount "49"]
[EventDate "2018.??.??"]
[WhiteTeam "SK Ludwigshafen"]
[BlackTeam "SC GroÃŸ-Zimmern"]

1. e4 e6 2. d4 d5 3. Nc3 Bb4 4. e5 c5 5. a3 Bxc3+ 6. bxc3 Qc7 7. Qg4 f5 8. Qg3
cxd4 9. cxd4 Ne7 10. Ne2 O-O 11. c3 Nbc6 12. Nf4 Bd7 13. h4 Na5 14. Rb1 Rac8
15. Rh3 b6 16. Be2 Kh8 17. Qg5 Qd8 18. Rg3 Rg8 19. h5 Rc7 20. h6 Qf8 21. hxg7+
Qxg7 22. Qh4 Qf7 23. Bh5 Qf8 24. Ng6+ Nxg6 25. Bxg6 1-0

[Event "Sparkassen-Open A"]
[Site "Heusenstamm, Martinsee"]
[Date "2018.11.23"]
[Round "3.54"]
[White "Scheitz, Michael"]
[Black "Mehlen, Theodor"]
[Result "1-0"]
[WhiteElo "2090"]
[BlackElo "1919"]
[PlyCount "120"]
[EventDate "2018.??.??"]
[WhiteTeam "Wiesbadener SV"]
[BlackTeam "SC Matt im Park"]

1. c4 Nf6 2. Nc3 e6 3. Nf3 d5 4. e3 Be7 5. b3 O-O 6. Bb2 b6 7. cxd5 exd5 8. d4
c5 9. Be2 Nc6 10. O-O Be6 11. Rc1 Rc8 12. dxc5 bxc5 13. Na4 Na5 14. Ba6 Rc7 15.
Qd2 Nb7 16. Bxf6 Bxf6 17. Bxb7 Rxb7 18. Nxc5 Rb8 19. Nd4 Qd6 20. a4 Bd8 21. b4
Bc8 22. b5 Bc7 23. f4 Bb6 24. Ncb3 Bd7 25. Rb1 Rfc8 26. a5 Bxd4 27. Nxd4 Rc5
28. Rfc1 Rbc8 29. Rxc5 Qxc5 30. b6 axb6 31. axb6 Rb8 32. Qb2 Kf8 33. Kf2 f6 34.
Ke2 Ke7 35. Kd2 Rb7 36. f5 Qa5+ 37. Qb4+ Qxb4+ 38. Rxb4 Kd6 39. g4 g6 40. Kc3
gxf5 41. gxf5 Bc8 42. Nb3 Re7 43. Kd2 Bb7 44. Nd4 Rg7 45. Kc3 Re7 46. Ne6 Kc6
47. Kd4 Kd6 48. Rb3 Rd7 49. Rc3 Re7 50. h4 h6 51. Ra3 Kc6 52. Rb3 Kd6 53. Rb2
Kc6 54. h5 Kd6 55. Rg2 Bc8 56. Rg6 Bxe6 57. Rxf6 Rf7 58. Rxe6+ Kd7 59. Ke5 Rg7
60. Kxd5 Rg5 1-0

[Event "Sparkassen-Open A"]
[Site "Heusenstamm, Martinsee"]
[Date "2018.11.23"]
[Round "3.55"]
[White "Hagner, Bennet"]
[Black "Mueller, Werner"]
[Result "1-0"]
[WhiteElo "1912"]
[BlackElo "2089"]
[PlyCount "57"]
[EventDate "2018.??.??"]
[WhiteTeam "Frankfurter TV"]
[BlackTeam "BCA Augsburg"]

1. e4 d6 2. d4 Nf6 3. Nc3 g6 4. Bg5 Bg7 5. e5 Nfd7 6. f4 f6 7. exf6 Nxf6 8. Nf3
c6 9. Bd3 O-O 10. O-O Na6 11. Bxa6 bxa6 12. Qe2 Rb8 13. b3 Qa5 14. Ne4 Bg4 15.
Bxf6 Bxf6 16. Nxf6+ exf6 17. Qe7 Qc3 18. Rad1 Rbe8 19. Qxd6 Bxf3 20. Rxf3 Qxc2
21. Rdf1 Re2 22. Rg3 Kg7 23. h4 Qe4 24. h5 Rf7 25. Qd8 Qd5 26. h6+ Kxh6 27. Qg8
Kh5 28. Rxg6 Rd7 29. Rf3 1-0

[Event "Sparkassen-Open A"]
[Site "Heusenstamm, Martinsee"]
[Date "2018.11.23"]
[Round "3.56"]
[White "SchlÃ¶ÃŸner, Henrik"]
[Black "Marchese, Gaspare"]
[Result "1-0"]
[WhiteElo "2088"]
[BlackElo "1908"]
[PlyCount "41"]
[EventDate "2018.??.??"]
[WhiteTeam "SK GrÃ¼ndau"]
[BlackTeam "SC Matt im Park"]

1. e4 e6 2. d4 d5 3. exd5 exd5 4. Bd3 Bd6 5. Ne2 Ne7 6. Bg5 f6 7. Bf4 Nbc6 8.
O-O Bg4 9. Bxd6 Qxd6 10. c3 Bf5 11. Ng3 Bxd3 12. Qxd3 O-O-O 13. b4 Rde8 14. Nd2
h5 15. Rfe1 g6 16. Nb3 h4 17. Nf1 Nd8 18. Nc5 b6 19. Qa6+ Kb8 20. Re6 Qf4 21.
Nd7+ 1-0

[Event "Sparkassen-Open A"]
[Site "Heusenstamm, Martinsee"]
[Date "2018.11.23"]
[Round "3.57"]
[White "Bakiev, Diyor"]
[Black "Dickel, Jens"]
[Result "1/2-1/2"]
[WhiteElo "1908"]
[BlackElo "2077"]
[PlyCount "117"]
[EventDate "2018.??.??"]
[WhiteTeam "SV Ffm-Griesheim"]
[BlackTeam "SV Kreuztal"]

1. e4 c6 2. d4 d5 3. exd5 cxd5 4. c4 Nf6 5. Nc3 g6 6. Nf3 Bg7 7. Be2 O-O 8. O-O
Nc6 9. h3 b6 10. Be3 Bb7 11. Rc1 Rc8 12. a3 dxc4 13. Bxc4 e6 14. Be2 Ne7 15.
Qd2 Nf5 16. Rfd1 Qe7 17. Ne5 Rcd8 18. Bf3 Nd5 19. Nxd5 Bxd5 20. Bxd5 Rxd5 21.
Nc6 Qb7 22. Nb4 Rd7 23. Qc3 a5 24. Nc2 Rc8 25. Qb3 Bf6 26. Qa4 Rcd8 27. Qc4 Rd5
28. Qa4 e5 29. Ne1 Nxd4 30. Bxd4 exd4 31. Nd3 Qd7 32. Qxd7 R8xd7 33. Rc6 R5d6
34. Rxd6 Rxd6 35. Rc1 Kf8 36. Kf1 Bd8 37. Rc2 Ke8 38. Re2+ Re6 39. Rxe6+ fxe6
40. a4 Kd7 41. Ke2 Kc6 42. b3 Bc7 43. Kd2 e5 44. f3 Kd5 45. Kc2 e4 46. fxe4+
Kxe4 47. Nf2+ Kf4 48. Nd3+ Ke4 49. Nf2+ Kd5 50. Nd3 Be5 51. Kd2 Bf6 52. Ke2 Kc6
53. Kd2 b5 54. axb5+ Kxb5 55. Kc2 g5 56. Kb2 Kc6 57. Kc2 Kd5 58. Kd1 Ke4 59.
Ke2 1/2-1/2

[Event "Sparkassen-Open A"]
[Site "Heusenstamm, Martinsee"]
[Date "2018.11.23"]
[Round "3.58"]
[White "Hinrichs, Hans-Uwe"]
[Black "Feicht, Arno"]
[Result "1-0"]
[WhiteElo "2075"]
[BlackElo "1907"]
[PlyCount "71"]
[EventDate "2018.??.??"]
[WhiteTeam "SK Bingen"]
[BlackTeam "SV Alsfeld"]

1. e4 c5 2. Nc3 Nc6 3. g3 g6 4. Bg2 Bg7 5. d3 d6 6. Nh3 Rb8 7. O-O b5 8. f4 Nd4
9. Nd5 e6 10. Ne3 Ne7 11. c3 Ndc6 12. f5 Be5 13. f6 Ng8 14. Ng4 h5 15. Nxe5
Nxe5 16. Bg5 c4 17. d4 Nd3 18. Nf4 Nxb2 19. Qc2 Na4 20. Nxg6 Rh7 21. e5 d5 22.
Ne7 Rh8 23. Nc6 Qb6 24. Nxb8 Qxb8 25. Rfb1 Qb6 26. Rb4 a5 27. Qxa4 axb4 28.
Qxb4 Bd7 29. a4 Qa7 30. Rb1 h4 31. gxh4 Bc8 32. axb5 Nh6 33. b6 Qb7 34. Bxh6
Rxh6 35. Ra1 Qd7 36. Ra8 1-0

[Event "Sparkassen-Open A"]
[Site "Heusenstamm, Martinsee"]
[Date "2018.11.23"]
[Round "3.59"]
[White "Lotz, Ralf"]
[Black "StÃ¼mer, Paul"]
[Result "0-1"]
[WhiteElo "1907"]
[BlackElo "2074"]
[PlyCount "92"]
[EventDate "2018.??.??"]
[WhiteTeam "SC Obertshausen"]
[BlackTeam "SV Bergneustadt/Derschlag"]

1. d4 Nf6 2. Nf3 g6 3. c4 Bg7 4. Nc3 O-O 5. g3 d6 6. Bg2 a6 7. O-O Nc6 8. a3
Rb8 9. b4 Bd7 10. Bb2 Re8 11. Qd2 Qc8 12. Rfd1 Bh3 13. Bh1 h6 14. Rac1 e5 15.
dxe5 dxe5 16. e4 Qg4 17. Qe3 Rbd8 18. Rxd8 Rxd8 19. Nd5 Nxe4 20. Nxe5 Nxe5 21.
Bxe5 Bxe5 22. Qxe4 Qxe4 23. Bxe4 c6 24. Nf4 Bxf4 25. gxf4 Rd4 26. Bg2 Be6 27.
b5 Rxf4 28. bxa6 bxa6 29. c5 Rg4 30. h3 Rg5 31. f4 Rg3 32. Kf2 Rxa3 33. Bxc6
Kf8 34. Bb7 Ra4 35. Ke3 Ke7 36. Rd1 Rc4 37. c6 a5 38. h4 a4 39. Kf3 g5 40. hxg5
hxg5 41. Ke3 Rxf4 42. Rc1 Rc4 43. Rd1 f5 44. Kf2 a3 45. Kg1 a2 46. Kf2 Rb4 0-1

[Event "Sparkassen-Open A"]
[Site "Heusenstamm, Martinsee"]
[Date "2018.11.23"]
[Round "3.60"]
[White "Lesny, Florian"]
[Black "Deutsch, Christoph"]
[Result "1-0"]
[WhiteElo "2067"]
[BlackElo "1876"]
[PlyCount "115"]
[EventDate "2018.??.??"]
[WhiteTeam "SK Niederbrechen"]
[BlackTeam "SK GrÃ¼ndau"]

1. e4 e5 2. Nf3 Nc6 3. Bc4 Bc5 4. O-O Nf6 5. d3 O-O 6. Nbd2 d6 7. c3 a6 8. Bb3
Ba7 9. h3 h6 10. Re1 Re8 11. Nf1 Be6 12. Bc2 d5 13. Qe2 dxe4 14. dxe4 Qe7 15.
Ng3 Rad8 16. Ba4 b5 17. Bb3 Bb6 18. Bxe6 Qxe6 19. a4 Rb8 20. Nf5 Ne7 21. N3h4
Kh7 22. Qf3 g5 23. Nxe7 Qxe7 24. Nf5 Qe6 25. Qe2 Ng8 26. Qh5 Qg6 27. Qxg6+ Kxg6
28. axb5 axb5 29. Be3 Bxe3 30. Nxe3 Ra8 31. Nd5 c6 32. Nb4 Rxa1 33. Rxa1 Re6
34. Ra7 Ne7 35. Rc7 Kf6 36. Kf1 Rd6 37. Ke2 h5 38. Nd3 Ng6 39. g3 Ne7 40. Nxe5
Kxe5 41. Rxe7+ Kf6 42. Rc7 Re6 43. Ke3 Rd6 44. f4 gxf4+ 45. gxf4 Kg6 46. e5 Rd1
47. Rxc6+ Kg7 48. Rc5 Rh1 49. Rxb5 Rxh3+ 50. Kf2 Rd3 51. f5 h4 52. Rb4 h3 53.
Rg4+ Kf8 54. Rh4 Rd2+ 55. Kg3 Rxb2 56. Rxh3 Rc2 57. Kf4 Rf2+ 58. Rf3 1-0

[Event "Sparkassen-Open A"]
[Site "Heusenstamm, Martinsee"]
[Date "2018.11.23"]
[Round "3.61"]
[White "Foermes, Alexander"]
[Black "Lehmann, Tim"]
[Result "1/2-1/2"]
[WhiteElo "2061"]
[BlackElo "1901"]
[PlyCount "73"]
[EventDate "2018.??.??"]
[WhiteTeam "SK Marburg"]
[BlackTeam "SV Lahn Limburg"]

1. d4 Nf6 2. Bf4 g6 3. Nc3 d5 4. f3 c6 5. Qd2 Bg7 6. O-O-O Nbd7 7. Bh6 O-O 8.
h4 Qe8 9. h5 e5 10. hxg6 fxg6 11. Bxg7 Kxg7 12. Qh6+ Kg8 13. e3 Qe7 14. Bd3 Qg7
15. Qh2 e4 16. Be2 Re8 17. f4 b5 18. g4 Nb6 19. Qg3 a5 20. Nh3 a4 21. Rh2 b4
22. Nb1 b3 23. cxb3 axb3 24. a3 Ba6 25. g5 Nfd7 26. Bxa6 Rxa6 27. Nf2 c5 28.
Rdh1 Nf8 29. Ng4 Nbd7 30. Nc3 Rc8 31. Nxd5 cxd4+ 32. Kb1 d3 33. Ngf6+ Nxf6 34.
Nxf6+ Rxf6 35. gxf6 Qxf6 36. Qe1 Rc4 37. Rg2 1/2-1/2

[Event "Sparkassen-Open A"]
[Site "Heusenstamm, Martinsee"]
[Date "2018.11.23"]
[Round "3.62"]
[White "Papadopoulos, Ioannis"]
[Black "SurÃ¡nyi, PÃ¡l"]
[Result "1-0"]
[WhiteElo "1796"]
[BlackElo "2061"]
[PlyCount "81"]
[EventDate "2018.??.??"]
[WhiteTeam "SV Oberursel"]
[BlackTeam "SC Remagen-Sinzig"]

1. e4 c5 2. Nf3 d6 3. d4 cxd4 4. Nxd4 Nf6 5. Nc3 a6 6. Be3 Ng4 7. Bg5 h6 8. Bh4
g5 9. Bg3 Bg7 10. Be2 h5 11. h3 Ne5 12. Qd2 Ng6 13. Nf5 Bxf5 14. exf5 Nf4 15.
Bxf4 gxf4 16. Nd5 Nc6 17. c3 Rc8 18. f6 exf6 19. Qxf4 Ne5 20. O-O Kf8 21. Rad1
Rh6 22. Ne3 Rh7 23. Nf5 Rc6 24. Rd2 Kg8 25. Rfd1 Bf8 26. Bd3 Ng6 27. Qg3 Bh6
28. Nxh6+ Rxh6 29. Be4 Rc5 30. Rxd6 Qe7 31. Qe3 Rg5 32. h4 Re5 33. Qxh6 Rxe4
34. Rd8+ Nf8 35. Qxh5 Kg7 36. Rxf8 Qxf8 37. Rd3 Qe8 38. Rg3+ Kf8 39. Qh8+ Ke7
40. Qxe8+ Kxe8 41. Re3 1-0

[Event "Sparkassen-Open A"]
[Site "Heusenstamm, Martinsee"]
[Date "2018.11.23"]
[Round "3.63"]
[White "Vlassis, Georgios"]
[Black "Haller, Luis"]
[Result "1-0"]
[WhiteElo "2053"]
[BlackElo "1890"]
[PlyCount "35"]
[EventDate "2018.??.??"]
[WhiteTeam "CCS of Thessaloniki"]
[BlackTeam "SF Konz-Karthaus"]

1. Nf3 d5 2. d4 Nf6 3. e3 e6 4. Bd3 c5 5. b3 Nc6 6. O-O cxd4 7. exd4 Bd6 8. Bb2
Bd7 9. a3 Qc7 10. Qe2 Nh5 11. g3 g6 12. c4 O-O-O 13. Nc3 dxc4 14. bxc4 a6 15.
c5 Be7 16. d5 Bxc5 17. Ne4 exd5 18. Nxc5 1-0

[Event "Sparkassen-Open A"]
[Site "Heusenstamm, Martinsee"]
[Date "2018.11.23"]
[Round "3.64"]
[White "Midanka, Vladimir Josef"]
[Black "Azimi, Reza"]
[Result "0-1"]
[WhiteElo "1771"]
[BlackElo "2028"]
[PlyCount "150"]
[EventDate "2018.??.??"]
[WhiteTeam "SC Brett vorm Kopp"]
[BlackTeam "MÃ¼nchener SC"]

1. Nf3 c5 2. e4 Nc6 3. Nc3 d6 4. d4 cxd4 5. Nxd4 Nf6 6. Be2 e6 7. O-O Be7 8.
Kh1 a6 9. f4 Qb6 10. Nxc6 bxc6 11. e5 dxe5 12. fxe5 Nd7 13. Ne4 O-O 14. Nd6
Nxe5 15. Nxc8 Raxc8 16. Qe1 Rcd8 17. b3 Ng6 18. Bd3 a5 19. a4 Bh4 20. Be3 Qc7
21. Qe2 Be7 22. Qf2 c5 23. Bb5 Bd6 24. h3 Bg3 25. Qe2 Be5 26. Rad1 Bd4 27. Bc1
e5 28. Qe4 Ne7 29. Bc4 Qc6 30. Qh4 Nd5 31. Bd3 h6 32. Qe4 g6 33. Bxh6 f5 34.
Qh4 e4 35. Bc4 Bf6 36. Bg5 Bxg5 37. Qxg5 Kg7 38. Rxf5 Rxf5 39. Qxd8 Nf6 40.
Qe7+ Kh6 41. Rd6 Qe8 42. Qxe8 Nxe8 43. Re6 Nf6 44. Kg1 Kg5 45. g3 Rf3 46. Kg2
Rc3 47. Re5+ Kh6 48. Rxc5 Rxc2+ 49. Kf1 Nh5 50. g4 Nf4 51. Re5 Rc1+ 52. Kf2
Rxc4 53. Ke3 Ng2+ 54. Ke2 Rb4 55. Kf2 Nf4 56. Ke3 Nxh3 57. Rxa5 Rxb3+ 58. Kxe4
Nf2+ 59. Kf4 Rb4+ 60. Kg3 Nxg4 61. Ra8 Ne5 62. a5 Ra4 63. a6 Nc6 64. Kh3 Kg5
65. Kg3 Ra3+ 66. Kf2 Nb4 67. Rb8 Nxa6 68. Rb5+ Kg4 69. Rd5 g5 70. Rd4+ Kh3 71.
Rd6 Nc5 72. Rh6+ Kg4 73. Rc6 Ne4+ 74. Ke2 Kf4 75. Rc2 Ra2 0-1

[Event "Sparkassen-Open A"]
[Site "Heusenstamm, Martinsee"]
[Date "2018.11.23"]
[Round "3.65"]
[White "KÃ¶llner, Aaron Noah"]
[Black "Eg, Karlheinz"]
[Result "1-0"]
[WhiteElo "2019"]
[BlackElo "1872"]
[PlyCount "57"]
[EventDate "2018.??.??"]
[WhiteTeam "SG Bochum"]
[BlackTeam "SV RÃ¼sselsheim"]

1. d4 Nf6 2. Bg5 d5 3. e3 g6 4. Bxf6 exf6 5. g3 Be6 6. Bg2 Qd7 7. c4 c6 8. Nc3
dxc4 9. Nge2 Bh3 10. Bxh3 Qxh3 11. Nf4 Qd7 12. O-O Bd6 13. Ne4 Qe7 14. Qf3 Nd7
15. Rac1 O-O 16. Rxc4 Bc7 17. Nd3 f5 18. Nec5 Nb6 19. Rc2 Rab8 20. b4 Bd6 21.
a4 Rfd8 22. Rb1 Nd5 23. b5 Bxc5 24. Rxc5 b6 25. Rxc6 Qa3 26. Qd1 f4 27. gxf4
Re8 28. Qb3 Qxb3 29. Rxb3 1-0

[Event "Sparkassen-Open A"]
[Site "Heusenstamm, Martinsee"]
[Date "2018.11.23"]
[Round "3.66"]
[White "Paeslack, Luis"]
[Black "Rieger, Mario"]
[Result "1-0"]
[WhiteElo "2044"]
[BlackElo "1868"]
[PlyCount "49"]
[EventDate "2018.??.??"]
[WhiteTeam "TV-GroÃŸostheim"]
[BlackTeam "MS Halver-SchalksmÃ¼hle"]

1. d4 d6 2. c4 e5 3. dxe5 dxe5 4. Qxd8+ Kxd8 5. Nc3 c6 6. Nf3 f6 7. e4 Be6 8.
a3 a5 9. Be3 Nd7 10. Na4 Kc7 11. Bd3 h5 12. O-O Nh6 13. h3 g5 14. Nd2 h4 15. f3
Be7 16. c5 f5 17. Bc4 Bxc4 18. Nxc4 f4 19. Bf2 Nf7 20. b4 axb4 21. axb4 Ra6 22.
Nab6 Rxa1 23. Rxa1 Nb8 24. Rd1 Rd8 25. Na8+ 1-0

[Event "Sparkassen-Open A"]
[Site "Heusenstamm, Martinsee"]
[Date "2018.11.23"]
[Round "3.67"]
[White "Bethke, Robert"]
[Black "Schubert, Nikita"]
[Result "1/2-1/2"]
[WhiteElo "2036"]
[BlackElo "1845"]
[PlyCount "56"]
[EventDate "2018.??.??"]
[WhiteTeam "SF Neuberg"]
[BlackTeam "ESV Gera"]

1. c4 Nf6 2. Nc3 e5 3. g3 c6 4. Bg2 d5 5. cxd5 cxd5 6. d4 e4 7. e3 Nc6 8. a3
Be6 9. Nge2 Be7 10. Nf4 Qd7 11. Bd2 O-O 12. b4 Rfc8 13. f3 exf3 14. Bxf3 Bf8
15. O-O Ne7 16. Qb3 Rd8 17. Nd3 b6 18. Ne5 Qb7 19. Qb2 Ng6 20. Nxg6 hxg6 21.
Bg2 Rac8 22. Rac1 Qd7 23. Ne2 Bh3 24. Rxc8 Rxc8 25. Rc1 Bxg2 26. Kxg2 Ne4 27.
Rxc8 Qxc8 28. Be1 Qc4 1/2-1/2

[Event "Sparkassen-Open A"]
[Site "Heusenstamm, Martinsee"]
[Date "2018.11.23"]
[Round "3.68"]
[White "Krischak, Werner"]
[Black "Mischke, Gabriel"]
[Result "0-1"]
[WhiteElo "1768"]
[BlackElo "2036"]
[PlyCount "66"]
[EventDate "2018.??.??"]
[WhiteTeam "SK Marburg"]
[BlackTeam "TSV Schott Mainz"]

1. d4 d5 2. c4 c6 3. Nf3 Nf6 4. Nc3 e6 5. e3 Nbd7 6. Bd3 dxc4 7. Bxc4 b5 8. Bd3
Bb7 9. Bd2 a6 10. a4 b4 11. Ne2 c5 12. Ng3 cxd4 13. exd4 Be7 14. O-O O-O 15. a5
Nb8 16. Qe2 Nc6 17. Bc4 Nxa5 18. b3 Nxc4 19. bxc4 Bxf3 20. gxf3 Qxd4 21. Rfd1
Qb6 22. Be3 Qb7 23. Ra5 Bd8 24. Ra4 a5 25. Bd4 Qc6 26. Rda1 Rc8 27. c5 Nd5 28.
Nh5 f6 29. Qe4 Ne7 30. Qg4 Ng6 31. Re1 f5 32. Qg2 Qxa4 33. Nxg7 Bf6 0-1

[Event "Sparkassen-Open A"]
[Site "Heusenstamm, Martinsee"]
[Date "2018.11.23"]
[Round "3.69"]
[White "Mehl, Ulrich"]
[Black "BlÃ¼baum, Johanna"]
[Result "0-1"]
[WhiteElo "1629"]
[BlackElo "2027"]
[PlyCount "64"]
[EventDate "2018.??.??"]
[WhiteTeam "Berkershm"]
[BlackTeam "SK Marburg"]

1. d4 d5 2. c4 e6 3. Nc3 Bb4 4. e3 Nf6 5. Nf3 O-O 6. Bd3 b6 7. O-O Ba6 8. cxd5
exd5 9. Bxa6 Nxa6 10. Qd3 Qc8 11. Bd2 Re8 12. Rac1 Bf8 13. a3 Qb7 14. b4 c5 15.
bxc5 bxc5 16. dxc5 Nxc5 17. Qc2 Qa6 18. a4 Rac8 19. Qa2 Nd3 20. Rb1 Rc4 21. Qc2
Nc5 22. Rfc1 Qc8 23. Qd1 Nd3 24. Rc2 Ne4 25. Rb3 Ndxf2 26. Qe2 Bb4 27. Nxd5
Rxc2 28. Rxb4 Qc5 29. Rb5 Qc4 30. Qxc4 Rxc4 31. Ne7+ Kf8 32. Bb4 Rxb4 0-1

[Event "Sparkassen-Open A"]
[Site "Heusenstamm, Martinsee"]
[Date "2018.11.23"]
[Round "3.70"]
[White "Weiss, Matthias"]
[Black "Cortes Arias, Mariela"]
[Result "1-0"]
[WhiteElo "2032"]
[BlackElo "1831"]
[PlyCount "105"]
[EventDate "2018.??.??"]
[WhiteTeam "SF SchÃ¶neck"]
[BlackTeam "AJEZA"]

1. e4 c5 2. Nf3 Nc6 3. c3 g6 4. Bb5 Bg7 5. O-O d6 6. Re1 Bd7 7. d4 cxd4 8. cxd4
a6 9. Bxc6 bxc6 10. Nc3 Bg4 11. d5 cxd5 12. exd5 Nf6 13. h3 Bxf3 14. Qxf3 O-O
15. Bg5 h6 16. Bh4 g5 17. Bg3 Nd7 18. Qe2 Ne5 19. f4 gxf4 20. Bxf4 Qb6+ 21. Kh1
Rab8 22. Rab1 Qd4 23. Be3 Qd3 24. Qh5 Qg6 25. Qxg6 Nxg6 26. Na4 Rb5 27. Red1
Rc8 28. Rbc1 Rxc1 29. Bxc1 Kh7 30. b3 Be5 31. Be3 Nf4 32. Bxf4 Bxf4 33. Rf1 Bg5
34. Nc3 Rc5 35. Ne4 Rxd5 36. Nxg5+ hxg5 37. Rxf7+ Kg6 38. Rxe7 Kf6 39. Re4 a5
40. Kg1 Rc5 41. Kf2 Rc2+ 42. Re2 Rc3 43. Ke1 d5 44. Kd2 Rg3 45. Kc2 d4 46. Kb2
d3 47. Rd2 Ke5 48. Kc3 Ke4 49. a3 Re3 50. b4 axb4+ 51. axb4 Re2 52. Rxe2+ dxe2
53. Kd2 1-0

[Event "Sparkassen-Open A"]
[Site "Heusenstamm, Martinsee"]
[Date "2018.11.23"]
[Round "3.71"]
[White "Trumpp, Lothar"]
[Black "Ohler, Julius"]
[Result "1-0"]
[WhiteElo "2004"]
[BlackElo "1826"]
[PlyCount "55"]
[EventDate "2018.??.??"]
[WhiteTeam "VSG Offenbach"]
[BlackTeam "SG Trier"]

1. e4 d5 2. Nc3 d4 3. Nce2 e5 4. Ng3 c5 5. Nf3 Bd6 6. Bc4 Ne7 7. Ng5 Be6 8.
Bxe6 fxe6 9. Nxe6 Qd7 10. Nxg7+ Kd8 11. N7f5 Nbc6 12. d3 Kc7 13. a3 Rag8 14.
Qf3 h5 15. h4 Nxf5 16. Nxf5 Rf8 17. Qh3 Rhg8 18. Bg5 Qh7 19. O-O Be7 20. f4
Bxg5 21. fxg5 Ne7 22. Rf2 Ng6 23. g3 Qd7 24. Qf1 a6 25. Qe2 Rh8 26. Raf1 Kb8
27. Kg2 Kc7 28. Nh6 1-0

[Event "Sparkassen-Open A"]
[Site "Heusenstamm, Martinsee"]
[Date "2018.11.23"]
[Round "3.72"]
[White "Senatov, Boris"]
[Black "Schultze, JÃ¶rg-Martin"]
[Result "0-1"]
[WhiteElo "1735"]
[BlackElo "2027"]
[PlyCount "36"]
[EventDate "2018.??.??"]
[WhiteTeam "SC Heusenstamm"]
[BlackTeam "SF Anderssen Wetzlar"]

1. e4 c6 2. d4 d5 3. Nc3 dxe4 4. Nxe4 Nf6 5. Nxf6+ exf6 6. Nf3 Bd6 7. Bd3 O-O
8. O-O Bg4 9. c3 Re8 10. Be3 Nd7 11. Re1 Nf8 12. Bf1 f5 13. g3 f4 14. gxf4 Ng6
15. h3 Bh5 16. Be2 Qd7 17. Kg2 Bxf4 18. Ne5 Nh4+ 0-1

[Event "Sparkassen-Open A"]
[Site "Heusenstamm, Martinsee"]
[Date "2018.11.23"]
[Round "3.73"]
[White "Syed, Tareq"]
[Black "Mohr, Thomas"]
[Result "1/2-1/2"]
[WhiteElo "2025"]
[BlackElo "1778"]
[PlyCount "35"]
[EventDate "2018.??.??"]
[WhiteTeam "SC Brett vorm Kopp"]
[BlackTeam "SC FK Babenhausen"]

1. d3 d5 2. g3 g6 3. Bg2 Bg7 4. Nd2 c6 5. e4 e5 6. Ngf3 Ne7 7. O-O O-O 8. b4
Nd7 9. a4 Rb8 10. Bb2 b6 11. b5 Bb7 12. Bh3 f6 13. Bg2 Qc7 14. h4 Ba8 15. h5 g5
16. Bh3 c5 17. Qe2 h6 18. c4 1/2-1/2

[Event "Sparkassen-Open A"]
[Site "Heusenstamm, Martinsee"]
[Date "2018.11.23"]
[Round "3.74"]
[White "Pauls, Wilhelm"]
[Black "Stuhlmann, Florian"]
[Result "1-0"]
[WhiteElo "2024"]
[BlackElo "1774"]
[PlyCount "45"]
[EventDate "2018.??.??"]
[WhiteTeam "SG Kaarst"]
[BlackTeam "SC Lindenholzhausen"]

1. e4 c5 2. Nf3 e6 3. d4 cxd4 4. Nxd4 Nc6 5. Nc3 Qc7 6. g3 a6 7. Bg2 Nf6 8. O-O
h5 9. h3 Nxd4 10. Qxd4 Bc5 11. Bf4 Bxd4 12. Bxc7 Bxc3 13. bxc3 a5 14. c4 Ke7
15. c5 Ne8 16. Bb6 e5 17. Rfd1 d6 18. cxd6+ Nxd6 19. Bc5 Rd8 20. Bf1 Be6 21.
Rab1 Bxa2 22. Rxb7+ Ke8 23. Bxd6 1-0

[Event "Sparkassen-Open A"]
[Site "Heusenstamm, Martinsee"]
[Date "2018.11.23"]
[Round "3.75"]
[White "Pfeffer, Marko"]
[Black "Blank, Stefan"]
[Result "1-0"]
[WhiteElo "2016"]
[BlackElo "1768"]
[PlyCount "73"]
[EventDate "2018.??.??"]
[WhiteTeam "SC Bergen-Enkheim"]
[BlackTeam "SC Sulzbach"]

1. d4 Nf6 2. Bg5 Ne4 3. Bf4 d5 4. e3 e6 5. Nd2 Nf6 6. Bd3 b6 7. Qe2 c5 8. c3
Be7 9. Ngf3 O-O 10. Ne5 c4 11. Bc2 Nfd7 12. h4 f6 13. Nef3 b5 14. g4 Nc6 15. e4
a5 16. exd5 Nce5 17. dxe5 fxe5 18. Bxe5 Nxe5 19. Qxe5 exd5 20. Qg3 Bd6 21. Qg2
Qe7+ 22. Kf1 Bb7 23. Re1 Qd7 24. Nd4 Rae8 25. Rxe8 Rxe8 26. Rh3 Bf4 27. N2f3
Qe7 28. Bf5 b4 29. g5 Bd2 30. Be6+ Kh8 31. Nxd2 bxc3 32. bxc3 Qa3 33. Re3 Qc1+
34. Ke2 Qb2 35. Qf3 Qb6 36. Bxd5 Rxe3+ 37. fxe3 1-0

[Event "Sparkassen-Open A"]
[Site "Heusenstamm, Martinsee"]
[Date "2018.11.23"]
[Round "3.76"]
[White "Stork, Christopher"]
[Black "SchÃ¤fer, Heiko"]
[Result "0-1"]
[WhiteElo "1721"]
[BlackElo "2014"]
[PlyCount "138"]
[EventDate "2018.??.??"]
[WhiteTeam "SV Oberursel"]
[BlackTeam "Potsdamer SV"]

1. e4 e6 2. d4 d5 3. exd5 exd5 4. Bd3 c5 5. c3 Nf6 6. Ne2 Bd6 7. O-O O-O 8. Bf4
Nc6 9. Bxd6 Qxd6 10. Nd2 Bg4 11. f3 Bh5 12. Re1 Rfe8 13. Nf1 cxd4 14. cxd4 Qb4
15. Qd2 Bg6 16. Qxb4 Nxb4 17. Bxg6 hxg6 18. Nc3 a6 19. a3 Nd3 20. Rxe8+ Rxe8
21. b4 Rc8 22. Na4 Rc2 23. Rd1 Nb2 24. Nxb2 Rxb2 25. Rd3 Kf8 26. Ne3 Ke7 27.
Nd1 Rc2 28. Nc3 Kd6 29. Na4 Nd7 30. f4 Ra2 31. Nc3 Rc2 32. Na4 Nf6 33. Nc5 Ne4
34. h3 Rc1+ 35. Kh2 Kc6 36. Re3 Rc3 37. Rxc3 Nxc3 38. Nd3 f6 39. Nc5 Ne2 40.
Ne6 Kd6 41. Nc5 Nxd4 42. Nxb7+ Kc6 43. Nc5 a5 44. Nd3 axb4 45. Nxb4+ Kc5 46.
Kg3 Nb5 47. Nd3+ Kc4 48. a4 Nc3 49. Nb2+ Kb3 50. Nd3 Nxa4 51. Kf3 Kc4 52. Ke2
Nc3+ 53. Kd2 Kd4 54. Ne1 Ne4+ 55. Ke2 Nc5 56. Nf3+ Ke4 57. g3 Nb3 58. Ne1 Nd4+
59. Kf2 Nf5 60. Nf3 d4 61. Nd2+ Kd3 62. Nf1 Ne3 63. Nh2 Ke4 64. Nf3 Nd1+ 65.
Kg2 d3 66. Nd2+ Ke3 67. Nc4+ Ke2 68. Kg1 Ne3 69. Nb2 d2 0-1